| 000 | 00735cam a22002414a 4500 | ||
|---|---|---|---|
| 001 | 16748964 | ||
| 005 | 20120927145940.0 | ||
| 008 | 110425s2012 maua 001 0 eng | ||
| 010 | _a 2011011145 | ||
| 020 | _a0132725177 | ||
| 020 | _a9780132725170 | ||
| 082 | 0 | 0 |
_a621.3996 _222 _bRIC |
| 100 | 1 |
_aRichard, Paul _q(Paul Fritz) _99241 |
|
| 245 | 1 | 0 |
_aIntroduction to Autocad 2012 : _ba Modern Perspective / _cPaul Richard, Jim Fitzgerald. |
| 260 |
_aBoston : _bPrentice Hall, _cc2012. |
||
| 300 |
_axix, 940 p. : _bill. ; _c28 cm. |
||
| 500 | _aIncludes index. | ||
| 630 | 0 | 0 |
_aAutoCAD. _99242 |
| 650 | 0 |
_aComputer graphics. _930999 |
|
| 653 |
_bCiv _cSeptember2012 |
||
| 700 | 1 |
_aFitzgerald, Jim, _d1964- _99246 |
|
| 942 |
_2ddc _cBB |
||
| 999 |
_c17036 _d17008 |
||